000 00506nam a2200157 i 4500
001 bg
245 0 _aBadania geodezyjne i grawimetryczne na pieniƄskim poligonie geodynamicznym w latach 1978-1985.
260 _aWarszawa,
_c1988.
490 1 _aPrace Naukowe / Politechnika Warszawska. Geodezja ;
_vz.29
830 0 _aPrace Naukowe (Politechnika Warszawska).
_pGeodezja ;
_vz.29
040 _cBPK
041 _apol
080 _a528.026:528.4
942 _cKS
008 s pl f |000 0 pol
999 _c28833
_d28833
856 _uhttp://koha.tu.koszalin.pl/cgi-bin/koha/opac-detail.pl?biblionumber=28833
_yKatalog online BPK